Plan of the Inner and Middle Temple, copied by order of John Locke, Esq. L. C., M. P., Treasurer, 1871 (Record no. 116838)

MARC details
000 -LEADER
fixed length control field 00693cem a22002055a 4500
001 - CONTROL NUMBER
control field L140329
008 - FIXED-LENGTH DATA ELEMENTS--GENERAL INFORMATION
fixed length control field 070918s1871 xxk a 0 eng u
035 ## - SYSTEM CONTROL NUMBER
System control number (Sirsi) u140329
041 0# - LANGUAGE CODE
Language code of text/sound track or separate title eng
100 1# - MAIN ENTRY--PERSONAL NAME
Personal name Ogilby, John
245 00 - TITLE STATEMENT
Title Plan of the Inner and Middle Temple, copied by order of John Locke, Esq. L. C., M. P., Treasurer, 1871
Medium [cartographic material]
255 ## - CARTOGRAPHIC MATHEMATICAL DATA
Statement of scale Scale 1:1200
260 ## - PUBLICATION, DISTRIBUTION, ETC.
Place of publication, distribution, etc. S.l.
Name of publisher, distributor, etc. s.n.
Date of publication, distribution, etc. 1871
300 ## - PHYSICAL DESCRIPTION
Extent 1 map
Dimensions 29 x 35 cm.
500 ## - GENERAL NOTE
General note Item is copied from the Map of London 1677 by John Ogilby.
651 4# - SUBJECT ADDED ENTRY--GEOGRAPHIC NAME
Geographic name London
690 ## - LOCAL SUBJECT ADDED ENTRY--TOPICAL TERM (OCLC, RLIN)
Topical term or geographic name as entry element ENVIRONMENTAL AND LAND CONSULTANCY-GEOMATICS-MAPPING AND POSITIONING-CARTOGRAPHY
700 1# - ADDED ENTRY--PERSONAL NAME
Personal name Locke, John
942 ## - ADDED ENTRY ELEMENTS (KOHA)
Suppress in OPAC 0
Holdings
Withdrawn status Lost status Source of classification or shelving scheme Damaged status Not for loan Home library Current library Shelving location Date acquired Total Checkouts Full call number Barcode Date last seen Copy number Price effective from Koha item type
    Dewey Decimal Classification     Historic collection Historic collection Historic collection 18/09/2007   MAP CABINET DRAWER 8 140329-2001 06/08/2019 1 06/08/2019 Archive